000 00752nam a22002177a 4500
003 OSt
005 20250221172002.0
008 230926b ||||| |||| 00| 0 eng d
040 _c0
082 _aDPer 379.1 J826 Winter - Spring 2020 v. 45 n. 3-4
100 _aVesely, Randall S.
_eauthor.
_949256
245 _aOhio /
_cRandall S. Vesely.
260 _aUnited States ;
_bUniversity of Illinois Press and Johns Hopkins University Press,
_cWinter 2020.
300 _avolume 45, pages 356-358.
500 _aJournal of Education Finance, v. 45 n. 3, pages 356-358, Winter 2020.
650 _aFinance.
_949257
650 _aBudget.
_949258
650 _aEducation.
_949259
700 _aVesely, Randall S.
_eauthor.
_949256
942 _2ddc
_cPER
999 _c18249
_d18249